| Tag |
First Indicator |
Second Indicator |
Subfields |
| LEADER |
00000cam a22000008i 4500 |
| 001 |
in00000229713 |
| 005 |
20151009075511.0 |
| 008 |
781002s1979 mau b 00110beng |
| 010 |
|
|
|a 78023331
|
| 020 |
|
|
|a 0805763597
|
| 035 |
|
|
|a (OCoLC)04494320
|
| 035 |
|
|
|9 AAZ3933AM
|
| 040 |
|
|
|a DLC
|c DLC
|d TXA
|d UtOrBLW
|
| 049 |
|
|
|a TXAM
|c [978422]
|
| 050 |
0 |
0 |
|a PQ4847.I77
|b Z85
|
| 082 |
0 |
|
|a 853/.9/12
|a B
|
| 100 |
1 |
|
|a Potter, Joy Hambuechen.
|
| 245 |
1 |
0 |
|a Elio Vittorini /
|c by Joy Hambuechen Potter.
|
| 264 |
|
1 |
|a Boston :
|b Twayne Publishers,
|c 1979.
|
| 300 |
|
|
|a 156 pages ;
|c 21 cm.
|
| 336 |
|
|
|a text
|b txt
|2 rdacontent
|
| 337 |
|
|
|a unmediated
|b n
|2 rdamedia
|
| 338 |
|
|
|a volume
|b nc
|2 rdacarrier
|
| 490 |
1 |
|
|a Twayne's world authors series ;
|v TWAS 518
|a Italy
|
| 500 |
|
|
|a Includes index.
|
| 504 |
|
|
|a Bibliography: pages 149-153.
|
| 600 |
1 |
0 |
|a Vittorini, Elio,
|d 1908-1966.
|
| 650 |
|
0 |
|a Authors, Italian
|y 20th century
|v Biography.
|
| 830 |
|
0 |
|a Twayne's world authors series ;
|v TWAS 518.
|
| 830 |
|
0 |
|a Twayne's world authors series.
|p Italy.
|
| 999 |
|
|
|a MARS
|
| 999 |
f |
f |
|s 0cef086f-3986-3af3-9e79-905a2f6b1edb
|i 461cc3ed-07bc-3296-8fdf-e4995a0d1eb3
|t 0
|
| 952 |
f |
f |
|p ric
|a Texas A&M University
|b Rellis Campus
|c Joint Library Facility
|d Remote Storage
|t 0
|e PQ4847.I77 Z85
|h Library of Congress classification
|i unmediated -- volume
|m A14803795376
|
| 998 |
f |
f |
|a PQ4847.I77 Z85
|t 0
|l Remote Storage
|